Naturwissenschaftliche Studien (Record no. 162974)

MARC details
000 -LEADER
campo de control de longitud fija 00613nam a2200169 i 4500
001 - NÚMERO DE CONTROL
campo de control 162974
003 - IDENTIFICADOR DE NÚMERO DE CONTROL
campo de control ES-MaACL
005 - FECHA Y HORA DE LA ÚLTIMA TRANSACCIÓN
campo de control 20230906212635.0
008 - DATOS DE LONGITUD FIJA--INFORMACIÓN GENERAL
campo de control de longitud fija 050706s1879 gw | |||||||| ||ger d
040 ## - FUENTE DE CATALOGACIÓN
Centro catalogador/agencia de origen CAM
Lengua de catalogación spa
Centro/agencia transcriptor CAM
100 1# - ENTRADA PRINCIPAL--NOMBRE DE PERSONA
Nombre de persona Rath, G. vom.
9 (RLIN) 131618
245 10 - MENCIÓN DEL TÍTULO
Título Naturwissenschaftliche Studien
Resto del título : Erinnerungen an die Pariser Weltausstellung 1878 (sections étrangères) /
Mención de responsabilidad, etc. von G. vom Rath.
260 ## - PUBLICACIÓN, DISTRIBUCIÓN, ETC.
Lugar de publicación, distribución, etc. Bonn :
Nombre del editor, distribuidor, etc. Max Cohen & Sohn,
Fecha de publicación, distribución, etc. 1879 (
Fabricante Universitäts-Buchdruckerei von Carl Georgi)
300 ## - DESCRIPCIÓN FÍSICA
Extensión XIV, 442 p. ;
Dimensiones 20 cm.
752 ## - ENTRADA AGREGADA--NOMBRE JERÁRQUICO DEL LUGAR
País o entidad superior Alemania -
Ciudad Bonn
852 ## - LOCALIZACIÓN
Ubicación ES-MaACL
Número de control de estantería B-7098
Nota libre -- Enc. hol.
Holdings
Estatus retirado Estado de pérdida Estado de daño No para préstamo Colección Biblioteca de origen Biblioteca actual Ubicación en estantería Fecha de adquisición Fuente de adquisición Total de préstamos Signatura topográfica completa Código de barras Visto por última vez Precio de reemplazo Tipo de ítem Koha
        Libros del s. XIX Biblioteca del Ateneo de Madrid Biblioteca del Ateneo de Madrid Sala Pardo Bazán 17/01/2008     B-7098 1170754 23/02/2023 23/02/2023 Libro impreso antiguo